Vibrating Molecules:An Introduction to the Interpretation of Infrared and Raman Spectra (Record no. 38273)

MARC details
000 -LEADER
fixed length control field 00473nam a2200133Ia 4500
008 - FIXED-LENGTH DATA ELEMENTS--GENERAL INFORMATION
fixed length control field 211109s9999||||xx |||||||||||||| ||und||
082 ## - DEWEY DECIMAL CLASSIFICATION NUMBER
Classification number 541.28
Item number GAN-V
100 ## - MAIN ENTRY--PERSONAL NAME
Personal name Gans, P
245 #0 - TITLE STATEMENT
Title Vibrating Molecules:An Introduction to the Interpretation of Infrared and Raman Spectra
260 ## - PUBLICATION, DISTRIBUTION, ETC.
Name of publisher, distributor, etc. Chapman & Co Ltd
Place of publication, distribution, etc. London
Date of publication, distribution, etc. 1971
630 ## - SUBJECT ADDED ENTRY--UNIFORM TITLE
General subdivision General Stack
650 ## - SUBJECT ADDED ENTRY--TOPICAL TERM
Topical term or geographic name entry element Vibrational spectra
942 ## - ADDED ENTRY ELEMENTS (KOHA)
Koha item type BOOK
650 ## - SUBJECT ADDED ENTRY--TOPICAL TERM
Form subdivision Infrared spectraMolecular spectroscopyPhysical chemistry
General subdivision Chemistry
Holdings
Withdrawn status Lost status Damaged status Not for loan Home library Current library Date acquired Cost, normal purchase price Total Checkouts Full call number Barcode Shelving location Date last seen Price effective from Koha item type
        SB LIBRARY SB LIBRARY 09/11/2021 100.00   541.28 GAN-V 00039790 GENERAL STACK 09/11/2021 09/11/2021 BOOK

Powered by Koha